| 000 | 00454nam a2200157 a 4500 | ||
|---|---|---|---|
| 005 | 20140414132107.0 | ||
| 008 | 100902s19uu xx 00 eng d | ||
| 050 |
_aM 796.323 _bW85 2009 |
||
| 100 | _aWoods, Mark | ||
| 245 |
_aBasketball legends / _cby Mark Woods. |
||
| 260 |
_a[Pleasantville, NY] : _bGareth Stevens Pub, _c2009. |
||
| 440 | _aUltimate thrill sports | ||
| 650 |
_aBasketball _x Juvenile literature. |
||
| 650 |
_a _x |
||
| 999 |
_c114622 _d114622 |
||